000 00557nam a2200229Ia 4500
003 OSt
005 20220923230720.0
006 a|||||r|||| 00| 0
007 ta
008 Pun
020 _c70
024 _a305,025
037 _cTextual
040 _aARTS
_cARTS
_bPun
041 _2Pun
_aPun
082 _aU8.5'N89, 153N2
100 _aਰਾਹੀ, ਅਜੀਤ
245 0 _aਥਲ ਡੂੰਗਰ ਭਵਿਓਮ
260 _c1992
942 _hU8.5'N89, 153N2
_cTEXL
_2CC
999 _c386828
_d386828